|
|
|
|
| LEADER |
00000nam a2200000 4500 |
| 008 |
161003b2015 ec ||||| |||| 00| | spa d |
| 020 |
|
|
|a 9789978102251
|
| 090 |
|
|
|a 06.06.02
|b 2383
|
| 100 |
1 |
0 |
|9 2038
|a Ortiz E., María Elena
|e coordinador/a
|
| 245 |
1 |
0 |
|a Reflexiones sobre la formación y el trabajo docente en Ecuador y América Latina /
|c María Elena Ortiz E., Carlos Crespo Burgos, Edgar Isch L., Eduardo Fabara Garzón, coordinadores
|
| 260 |
|
|
|a Quito, Ecuador :
|b Editorial Universitaria Abya-Yala,
|c 2015
|
| 300 |
|
|
|a 273 páginas
|
| 500 |
|
|
|a Esta publicación recoge los trabajos presentados en el II Seminario Nacional de la Red ESTRADO y III Encuentro Nacional de la Red KIPUS "Políticas públicas, trabajo y formación docente en el Ecuador", realizado en Quito el 12 y 13 de junio 2014.
|
| 650 |
1 |
4 |
|9 9
|a FORMACIÓN DE DOCENTES
|
| 650 |
1 |
4 |
|9 14
|a ENSEÑANZA
|
| 650 |
1 |
4 |
|9 506
|a CONFERENCIA
|
| 651 |
|
4 |
|9 2039
|a ECUADOR
|
| 651 |
|
4 |
|9 273
|a AMÉRICA LATINA
|
| 700 |
1 |
|
|9 2040
|a Crespo Burgos, Carlos
|e coordinador/a
|
| 700 |
1 |
|
|9 1956
|a Isch L., Edgar
|e coordinador/a
|
| 700 |
1 |
|
|9 2041
|a Fabara Garzón, Eduardo
|e coordinador/a
|
| 942 |
|
|
|i 004247
|h 06.06.02 2383
|2 z
|c 01
|
| 999 |
|
|
|c 3330
|d 3330
|